| 000 | 004560000a22001210004500 | ||
|---|---|---|---|
| 100 | 1 | _aKingsley, Lorraine | |
| 245 | 1 | 0 | _aLast among equals |
| 300 | _aVol.0, núm.120 (2008), Páginas 22-25 | ||
| 500 | _aUna injusticia invisible pone muchas vidas en riesgo. Por lo menos la mitad de la iglesia mundial es afectado por la creencia que las mujeres son inferiores a los hombres. | ||
| 650 | 1 | 4 | _aINJUSTICIA-MUJERES-LIBERIA |
| 773 | 0 | _tTeartimes | |
| 942 | _cANA | ||
| 999 |
_c62560 _d62560 |
||